Footprints, 1961-1978 /

Bibliographic Details
Main Author: Oliphant, Dave, 1939-
Format: Book
Language:English
Published: Austin, Tex. : Thorp Springs Press, [1978]

MARC

Tag First Indicator Second Indicator Subfields
LEADER 00000cam a2200000 i 4500
001 in00000018177
005 20151007053155.0
008 790402s1978 txu 00010 eng d
035 |a (OCoLC)04811687 
035 |9 AAB0664AM 
040 |a CSH  |c CSH  |d TXA  |d UtOrBLW 
049 |a TXAM  |c [A11043979] 
050 4 |a PS3565.L44  |b F6 1978 
100 1 |a Oliphant, Dave,  |d 1939- 
245 1 0 |a Footprints, 1961-1978 /  |c Dave Oliphant. 
264 1 |a Austin, Tex. :  |b Thorp Springs Press,  |c [1978] 
264 4 |c ©1978 
300 |a 144 pages ;  |c 21 cm. 
336 |a text  |b txt  |2 rdacontent 
337 |a unmediated  |b n  |2 rdamedia 
338 |a volume  |b nc  |2 rdacarrier 
500 |a Poems. 
999 |a MARS 
999 f f |s 100ecf94-6036-30db-b33d-c2e54130d5b2  |i 3f8a7567-41bb-3ffa-b3f3-a235e82670d6  |t 0 
952 f f |p ric  |a Texas A&M University  |b Rellis Campus  |c Joint Library Facility  |d Remote Storage  |t 0  |e PS3565.L44 F6 1978  |h Library of Congress classification  |i unmediated -- volume  |m A14811043979 
998 f f |a PS3565.L44 F6 1978  |t 0  |l Remote Storage